<?xml version="1.0" encoding="UTF-8"?>
<record
    xmlns:xsi="http://www.w3.org/2001/XMLSchema-instance"
    xsi:schemaLocation="http://www.loc.gov/MARC21/slim http://www.loc.gov/standards/marcxml/schema/MARC21slim.xsd"
    xmlns="http://www.loc.gov/MARC21/slim">

  <leader>01058nam a22003017a 4500</leader>
  <controlfield tag="008">160125b        xxu||||| |||| 00| 0 eng d</controlfield>
  <datafield tag="082" ind1=" " ind2=" ">
    <subfield code="a">708</subfield>
    <subfield code="b">B412s</subfield>
  </datafield>
  <datafield tag="245" ind1=" " ind2=" ">
    <subfield code="a">Somos Artistas Bolivianos : Arte Acci&#xF3;n en Bolivia 1980-2014</subfield>
    <subfield code="c">Elizabeth Torres</subfield>
  </datafield>
  <datafield tag="260" ind1=" " ind2=" ">
    <subfield code="a">Cochabamba, Bolivia: </subfield>
    <subfield code="b">Centro Pedag&#xF3;gico y Cultural Sim&#xF3;n I. Pati&#xF1;o, </subfield>
    <subfield code="c">2014</subfield>
  </datafield>
  <datafield tag="300" ind1=" " ind2=" ">
    <subfield code="a">143 p. </subfield>
    <subfield code="b">ill. (col.)</subfield>
    <subfield code="c">21 cm.</subfield>
  </datafield>
  <datafield tag="650" ind1=" " ind2=" ">
    <subfield code="a">Arte</subfield>
    <subfield code="z">Bolivia</subfield>
    <subfield code="9">4561</subfield>
  </datafield>
  <datafield tag="650" ind1=" " ind2=" ">
    <subfield code="a">Arte Contempor&#xE1;neo</subfield>
    <subfield code="9">977</subfield>
  </datafield>
  <datafield tag="650" ind1=" " ind2=" ">
    <subfield code="a">Arte</subfield>
    <subfield code="x">Investigaci&#xF3;n</subfield>
    <subfield code="9">4562</subfield>
  </datafield>
  <datafield tag="651" ind1=" " ind2=" ">
    <subfield code="a">Bolivia</subfield>
    <subfield code="y">S. 21</subfield>
    <subfield code="9">4563</subfield>
  </datafield>
  <datafield tag="700" ind1=" " ind2=" ">
    <subfield code="a">Dorado C&#xE1;mara, Alejandra</subfield>
    <subfield code="c">[Curadora]</subfield>
    <subfield code="9">4564</subfield>
  </datafield>
  <datafield tag="700" ind1=" " ind2=" ">
    <subfield code="a">Rada, Douglas Rodrigo</subfield>
    <subfield code="c">[Curador]</subfield>
    <subfield code="9">4565</subfield>
  </datafield>
  <datafield tag="700" ind1=" " ind2=" ">
    <subfield code="a">Bedoya, Jos&#xE9;</subfield>
    <subfield code="9">4566</subfield>
  </datafield>
  <datafield tag="700" ind1=" " ind2=" ">
    <subfield code="a">Garavito, Ramiro</subfield>
    <subfield code="9">4567</subfield>
  </datafield>
  <datafield tag="700" ind1=" " ind2=" ">
    <subfield code="a">Valc&#xE1;rcel, Roberto</subfield>
    <subfield code="9">4568</subfield>
  </datafield>
  <datafield tag="700" ind1=" " ind2=" ">
    <subfield code="a">Mateo, Sol</subfield>
    <subfield code="9">4569</subfield>
  </datafield>
  <datafield tag="700" ind1=" " ind2=" ">
    <subfield code="a">Galindo, Maria</subfield>
    <subfield code="9">3335</subfield>
  </datafield>
  <datafield tag="700" ind1=" " ind2=" ">
    <subfield code="a">Heckl, Angelika</subfield>
    <subfield code="9">4570</subfield>
  </datafield>
  <datafield tag="700" ind1=" " ind2=" ">
    <subfield code="a">Schwartz, Raquel</subfield>
    <subfield code="9">3907</subfield>
  </datafield>
  <datafield tag="700" ind1=" " ind2=" ">
    <subfield code="a">Carvalho, Valia</subfield>
    <subfield code="9">4571</subfield>
  </datafield>
  <datafield tag="700" ind1=" " ind2=" ">
    <subfield code="a">Rivera Bluebox, Eduardo</subfield>
    <subfield code="9">4572</subfield>
  </datafield>
  <datafield tag="700" ind1=" " ind2=" ">
    <subfield code="a">Alvarado, Narda</subfield>
    <subfield code="9">4573</subfield>
  </datafield>
  <datafield tag="700" ind1=" " ind2=" ">
    <subfield code="a">Coca, Galo</subfield>
    <subfield code="9">3904</subfield>
  </datafield>
  <datafield tag="999" ind1=" " ind2=" ">
    <subfield code="c">835</subfield>
    <subfield code="d">835</subfield>
  </datafield>
  <datafield tag="952" ind1=" " ind2=" ">
    <subfield code="0">0</subfield>
    <subfield code="1">0</subfield>
    <subfield code="2">ddc</subfield>
    <subfield code="4">0</subfield>
    <subfield code="7">0</subfield>
    <subfield code="a">LV</subfield>
    <subfield code="b">LV</subfield>
    <subfield code="c">Colectivas</subfield>
    <subfield code="d">2016-01-25</subfield>
    <subfield code="l">0</subfield>
    <subfield code="o">708 B412s</subfield>
    <subfield code="p">004133</subfield>
    <subfield code="r">2016-01-25 00:00:00</subfield>
    <subfield code="w">2016-01-25</subfield>
    <subfield code="y">01</subfield>
  </datafield>
</record>
